Subwayn täytteet Suomessa - Statistics

Yleistilastot
  • Tätä visaa on pelattu 61 kertaa
  • Keskiarvotulos 4 / 14
Vastaustilastot
Täyte % Oikein
Kinkku
80%
Tonnikala
75%
Kalkkuna
47%
Kana Fajita
42%
Kana Teriyaki
42%
Kananrinta
38%
Italian B.M.T.
33%
American Steakhouse Melt
15%
Veggie Delite
13%
Spicy Italian
11%
Subway Melt
11%
Beef Taco
9%
Steak & Cheese
9%
Vegaaninen kasvispihvi
4%
Ehtoja vastaavia visoja ei löytynyt
Tulosjakauma
Jokaisen tuloksen saaneiden osuus
Persentiili vastausten määrän mukaan
Tuloshistoriasi
Et ole pelannut tätä visaa